[Event "Sparkassen Open A"]
[Site "Dortmund GER"]
[Date "2012.07.20"]
[Round "7.45"]
[White "Oberste, Norbert"]
[Black "Deinert, Wolfgang"]
[Result "1/2-1/2"]
[WhiteElo "1811"]
[BlackElo "1811"]
[WhiteFideId "24608432"]
[BlackFideId "4685229"]
[EventDate "2012.07.14"]

1. f4 d5 2. Nf3 c5 3. d4 Nc6 4. e3 Nf6 5. c3 e6 6. Bd3 Be7 7. Nbd2 O-O 8. O-O
Ng4 9. Qe2 f5 10. h3 Nf6 11. Ne5 Nxe5 12. fxe5 Ne4 13. Nxe4 fxe4 14. Bc2 Rxf1+
15. Qxf1 Bd7 16. a4 Qa5 17. Bd2 cxd4 18. exd4 Rf8 19. Qe2 Qb6 20. b3 Rf5 21. a5
Qd8 22. c4 Bg5 23. Be3 Bxe3+ 24. Qxe3 Qf8 25. Qe2 Bc6 26. c5 g6 27. b4 a6 28.
Rf1 Bb5 29. Rxf5 gxf5 30. Qf2 f4 31. Bd1 Qh6 32. Bg4 Kf7 33. g3 f3 34. Bxf3 exf3
35. Qxf3+ Ke7 36. Kg2 Qd2+ 37. Qf2 Qxf2+ 38. Kxf2 Kf7 39. Kf3 h5 40. h4 Kg6 41.
g4 hxg4+ 42. Kxg4 Be2+ 43. Kf4 Kh5 44. Kg3 Bb5 45. Kh3 Kg6 46. Kg4 Bc4 47. Kf4
Kh6 48. Kg4 Kg6 49. Kf4 Be2 50. Ke3 Bc4 51. Kf4 1/2-1/2

[Event "Sparkassen Open A"]
[Site "Dortmund GER"]
[Date "2012.07.21"]
[Round "8.1"]
[White "Gindi, Shachar"]
[Black "Zaitsev, Mikhail"]
[Result "1/2-1/2"]
[BlackTitle "IM"]
[WhiteElo "2245"]
[BlackElo "2505"]
[WhiteFideId "2804182"]
[BlackFideId "4127560"]
[EventDate "2012.07.14"]

1. d4 d5 2. c4 c6 3. Nf3 Nf6 4. e3 e6 5. b3 Nbd7 6. Bd3 Bd6 7. Bb2 b6 8. O-O Bb7
9. Nc3 O-O 10. Qe2 Qe7 11. e4 dxe4 12. Nxe4 Nxe4 13. Qxe4 f5 14. Qe2 c5 15. dxc5
Nxc5 16. Ne5 Nxd3 1/2-1/2

[Event "Sparkassen Open A"]
[Site "Dortmund GER"]
[Date "2012.07.21"]
[Round "8.2"]
[White "Scheider, Julian"]
[Black "Schulze, Torben"]
[Result "1/2-1/2"]
[WhiteElo "2290"]
[BlackElo "2309"]
[WhiteFideId "24601284"]
[BlackFideId "24630560"]
[EventDate "2012.07.14"]

1. e4 c5 2. Nf3 Nc6 3. d4 cxd4 4. Nxd4 Nf6 5. Nc3 e5 6. Ndb5 d6 7. Bg5 a6 8. Na3
b5 9. Nd5 Be7 10. Bxf6 Bxf6 11. c4 bxc4 12. Bxc4 O-O 13. O-O Bg5 14. Nc2 a5 15.
Qd3 Rb8 16. b3 Nb4 1/2-1/2

[Event "Sparkassen Open A"]
[Site "Dortmund GER"]
[Date "2012.07.21"]
[Round "8.3"]
[White "Podzielny, Karl-Heinz"]
[Black "Torres-Kuckel, Rafael"]
[Result "0-1"]
[WhiteTitle "IM"]
[BlackTitle "FM"]
[WhiteElo "2438"]
[BlackElo "2306"]
[WhiteFideId "4600215"]
[BlackFideId "4625072"]
[EventDate "2012.07.14"]

1. c4 e5 2. Nc3 Nf6 3. Nf3 Nc6 4. e3 d6 5. Be2 g6 6. h4 Bg7 7. d3 O-O 8. Ng5 h6
9. Nge4 Be6 10. g4 Nxe4 11. dxe4 f5 12. h5 fxg4 13. Bxg4 Bxc4 14. hxg6 Qf6 15.
Rh2 Qxg6 16. f3 Be6 17. Bxe6+ Qxe6 18. Qe2 Rf7 19. Qg2 Raf8 20. Rh3 Nb4 21. Rg3
c6 22. a3 Nd3+ 23. Kf1 Kh7 24. Qe2 Rxf3+ 25. Qxf3 Rxf3+ 26. Rxf3 Qg4 27. Rf7
Qh3+ 0-1

[Event "Sparkassen Open A"]
[Site "Dortmund GER"]
[Date "2012.07.21"]
[Round "8.4"]
[White "Braeuer, Karl-Heinz"]
[Black "Jesse, Ingemars"]
[Result "0-1"]
[WhiteElo "2202"]
[BlackElo "2349"]
[WhiteFideId "4677218"]
[BlackFideId "11602724"]
[EventDate "2012.07.14"]

1. d4 Nf6 2. Nf3 c5 3. d5 e6 4. Nc3 d6 5. e4 a6 6. a4 Be7 7. Be2 O-O 8. O-O exd5
9. exd5 Bf5 10. Nh4 Bg6 11. Nxg6 hxg6 12. Ra3 Nbd7 13. Re1 Re8 14. Bf4 Qc7 15.
Nb1 c4 16. Nc3 b6 17. h4 Rab8 18. Be3 Nh7 19. h5 gxh5 20. Bxh5 Bf6 21. Kf1 g6
22. Be2 Rxe3 23. fxe3 Bh4 24. Qd4 Bxe1 25. Kxe1 Ne5 26. Kd2 b5 27. axb5 axb5 28.
Ra7 Qd8 29. Ne4 Ng5 30. Ra6 Nxe4+ 31. Qxe4 Ra8 32. Rxa8 Qxa8 33. c3 Qa1 34. Kc2
Qe1 35. Bd1 Qf2+ 36. Kb1 Qd2 37. Bc2 Nd3 38. Bxd3 cxd3 39. Qf4 Qc2+ 0-1

[Event "Sparkassen Open A"]
[Site "Dortmund GER"]
[Date "2012.07.21"]
[Round "8.5"]
[White "Webb, Laurence E"]
[Black "Zatonskih, V."]
[Result "0-1"]
[WhiteTitle "FM"]
[BlackTitle "FM"]
[WhiteElo "2265"]
[BlackElo "2276"]
[WhiteFideId "402389"]
[BlackFideId "14102161"]
[EventDate "2012.07.14"]

1. e4 c5 2. Nf3 Nf6 3. e5 Nd5 4. Nc3 e6 5. Nxd5 exd5 6. d4 Nc6 7. Bd3 d6 8. exd6
Bxd6 9. dxc5 Bxc5 10. O-O O-O 11. h3 h6 12. c3 Qf6 13. Re1 Bf5 14. Be3 Bxe3 15.
Rxe3 Rfe8 16. Rxe8+ Rxe8 17. Bxf5 Qxf5 18. Qd2 Re4 19. Re1 Ne5 20. Nd4 Qd7 21.
b3 Ng6 22. Ne2 Qc7 23. Ng3 Re5 24. Nf1 a6 25. g3 Qc8 26. Kg2 Rg5 27. f4 Nh4+ 28.
Kf2 Qxh3 29. fxg5 Qg2+ 30. Ke3 Nf5+ 31. Kf4 Qe4+ 0-1

[Event "Sparkassen Open A"]
[Site "Dortmund GER"]
[Date "2012.07.21"]
[Round "8.6"]
[White "Sundorf, Jannik"]
[Black "Brem, Stephan"]
[Result "1-0"]
[WhiteElo "2170"]
[BlackElo "2121"]
[WhiteFideId "12905380"]
[BlackFideId "4617266"]
[EventDate "2012.07.14"]

1. d4 f5 2. e4 fxe4 3. Nc3 Nf6 4. Bg5 b6 5. f3 e3 6. Bxe3 e6 7. Qd2 d5 8. Nh3 c5
9. Ng5 a6 10. O-O-O c4 11. Re1 h6 12. Nh3 Nc6 13. Nf4 Kf7 14. g4 b5 15. h4 Qa5
16. Kb1 b4 17. Nce2 c3 18. Qd3 cxb2 19. Qg6+ Kg8 20. Bh3 e5 21. Nh5 Qd8 22. g5
Nxh5 23. Be6+ 1-0

[Event "Sparkassen Open A"]
[Site "Dortmund GER"]
[Date "2012.07.21"]
[Round "8.7"]
[White "Piepho, Niels"]
[Black "Mundorf, Johannes"]
[Result "1-0"]
[WhiteElo "2301"]
[BlackElo "2174"]
[WhiteFideId "4624262"]
[BlackFideId "24672491"]
[EventDate "2012.07.14"]

1. Nf3 c5 2. g3 g6 3. Bg2 Bg7 4. c4 Nc6 5. Nc3 d6 6. O-O e6 7. e4 Nge7 8. d3 O-O
9. Be3 Nd4 10. Qd2 Re8 11. Bh6 Nxf3+ 12. Bxf3 Bh8 13. Bg5 Qd7 14. h4 Nc6 15.
Rab1 b6 16. h5 Nd4 17. Bg2 Bb7 18. Rfe1 f6 19. Be3 Nc6 20. hxg6 hxg6 21. d4 cxd4
22. Bxd4 Bg7 23. Rbd1 Rad8 24. b3 Kf7 25. Be3 Ne7 26. Nb5 Nc8 27. a4 Bc6 28. Nd4
Ba8 29. a5 e5 30. Nb5 Rh8 31. Nc3 Qg4 32. Qe2 Qxe2 33. Rxe2 Bh6 34. f4 exf4 35.
gxf4 Rhe8 36. Bc1 g5 37. f5 Re5 38. Nb5 bxa5 39. Bb2 Re7 40. e5 Bxg2 41. e6+ Kg7
42. Rxg2 Rb7 43. Nc3 Ne7 44. Ne4 Ng8 45. Nxd6 Ne7 46. Bxf6+ 1-0

[Event "Sparkassen Open A"]
[Site "Dortmund GER"]
[Date "2012.07.21"]
[Round "8.8"]
[White "Zuse, Klaus-Peter"]
[Black "Krueger, Andre"]
[Result "0-1"]
[WhiteTitle "FM"]
[WhiteElo "2278"]
[BlackElo "2143"]
[WhiteFideId "4605306"]
[BlackFideId "4665040"]
[EventDate "2012.07.14"]

1. b4 Nf6 2. Bb2 e5 3. Bxe5 Bxb4 4. Nf3 Nc6 5. Bb2 d5 6. e3 Be6 7. Be2 O-O 8.
O-O Bd6 9. d3 Ng4 10. Nbd2 Nce5 11. Nxe5 Bxe5 12. Bxe5 Nxe5 13. f4 Nc6 14. f5
Bd7 15. c4 Qg5 16. Rf4 Ne7 17. Nf3 Qh6 18. g4 g5 19. Rd4 c5 20. Rxd5 Nxd5 21.
cxd5 Rfe8 22. Qd2 Qd6 23. e4 f6 24. Bf1 Re7 25. Bg2 Rae8 26. Re1 b6 27. Rf1 Bb5
28. Qc3 Ba6 29. Qa3 b5 30. Kh1 b4 31. Qb3 c4 32. dxc4 Rxe4 33. Rc1 Qf4 34. Rg1
Bxc4 35. Qb2 Re2 36. Qxf6 Rxg2 37. Rxg2 Re1+ 0-1

[Event "Sparkassen Open A"]
[Site "Dortmund GER"]
[Date "2012.07.21"]
[Round "8.9"]
[White "Sievert, Jan-Thorwald"]
[Black "Wagner, Alexej"]
[Result "1-0"]
[WhiteElo "2149"]
[BlackElo "2216"]
[WhiteFideId "12940909"]
[BlackFideId "4129555"]
[EventDate "2012.07.14"]

1. d4 Nf6 2. c4 g6 3. Nc3 d5 4. Bg5 Ne4 5. Nxe4 dxe4 6. Qd2 Bg7 7. e3 c5 8. d5
h6 9. Bh4 Qb6 10. O-O-O Qa6 11. Kb1 Nd7 12. Qc2 Ne5 13. f3 exf3 14. gxf3 Bd7 15.
Be1 b5 16. cxb5 Bxb5 17. Bxb5+ Qxb5 18. Bc3 Nc4 19. Qc1 Bxc3 20. Qxc3 O-O 21. h3
Rab8 22. Rh2 Nb6 23. Rc2 c4 24. e4 Rfc8 25. Ne2 Na4 26. Qa3 Qd7 27. Rdc1 Rb6 28.
Nd4 e6 29. Nc6 Kh7 30. Qxa4 exd5 31. exd5 c3 32. Rxc3 Rcb8 33. Rb3 Rxb3 34. axb3
Rb7 35. Na5 Rb5 36. Rd1 Qf5+ 37. Qe4 Qd7 38. Nc4 Rxb3 39. d6 a5 40. Qd5 a4 41.
Rd3 Rb5 42. Qxb5 Qxb5 1-0

[Event "Sparkassen Open A"]
[Site "Dortmund GER"]
[Date "2012.07.21"]
[Round "8.10"]
[White "Kartsev, Alexandr"]
[Black "Schiefelbusch, Dirk"]
[Result "1/2-1/2"]
[WhiteElo "2208"]
[BlackElo "2109"]
[WhiteFideId "24647110"]
[BlackFideId "4694139"]
[EventDate "2012.07.14"]

1. e4 c6 2. d4 d5 3. Nc3 dxe4 4. Nxe4 Bf5 5. Ng3 Bg6 6. h4 h6 7. Nf3 Nd7 8. h5
Bh7 9. Bd3 Bxd3 10. Qxd3 e6 11. Bf4 Qa5+ 12. Bd2 Bb4 13. c3 Be7 14. Ne4 Ngf6 15.
c4 Qc7 16. O-O-O Nxe4 17. Qxe4 Nf6 18. Qe2 O-O-O 19. Kb1 c5 20. Rh4 cxd4 21.
Nxd4 Rd7 22. Nb5 Qb6 23. c5 Bxc5 24. Rc1 Kb8 25. Bf4+ Ka8 26. Nc7+ Rxc7 27. Bxc7
Qxc7 28. b4 Nd7 29. bxc5 Nxc5 30. Rhc4 b6 31. Qf3+ Kb8 32. Rd1 Rc8 33. Qg4 f6
34. Qd4 Qf7 35. Qd6+ Kb7 36. Rg4 Rc7 37. Qg3 e5 38. Qf3+ e4 39. Qf4 Ka6 40. Rd4
Qe8 1/2-1/2

[Event "Sparkassen Open A"]
[Site "Dortmund GER"]
[Date "2012.07.21"]
[Round "8.11"]
[White "Steinmetzer, Thomas"]
[Black "Ciornei, Dragos"]
[Result "1/2-1/2"]
[WhiteElo "2114"]
[BlackElo "2182"]
[WhiteFideId "4689690"]
[BlackFideId "4619200"]
[EventDate "2012.07.14"]

1. e4 e5 2. Nf3 Nc6 3. Bb5 a6 4. Ba4 Nf6 5. d3 b5 6. Bb3 Bc5 7. O-O d6 8. a4 b4
9. a5 O-O 10. c3 bxc3 11. bxc3 Be6 12. Bxe6 fxe6 13. d4 exd4 14. cxd4 Ba7 15. d5
exd5 16. exd5 Ne5 17. Nxe5 dxe5 18. Ba3 Rf7 19. Nc3 Bd4 20. Rc1 Nxd5 21. Ne2 Nf4
22. Nxf4 Rxf4 23. Qb3+ Kh8 24. Qb7 Ra7 25. Qc6 Rf6 26. Qe4 Rf4 27. Qc6 Rf6 28.
Qe4 Rf4 1/2-1/2

[Event "Sparkassen Open A"]
[Site "Dortmund GER"]
[Date "2012.07.21"]
[Round "8.13"]
[White "Boehm, Juergen2"]
[Black "Grahl, Matthias"]
[Result "1/2-1/2"]
[WhiteElo "2225"]
[BlackElo "1851"]
[WhiteFideId "4606434"]
[BlackFideId "4692918"]
[EventDate "2012.07.14"]

1. d4 d5 2. c4 e6 3. Nc3 Nf6 4. Bg5 Be7 5. e3 O-O 6. Nf3 c6 7. Qc2 Nbd7 8. Rd1
dxc4 9. Bxc4 Nd5 10. Bxe7 Qxe7 11. O-O h6 12. e4 Nxc3 13. Qxc3 b5 14. Bd3 Bb7
15. Rc1 b4 16. Qd2 Rfc8 17. Qe3 c5 18. Rfd1 cxd4 19. Qxd4 e5 20. Rxc8+ Rxc8 21.
Qxa7 Nc5 22. h3 Ra8 23. Qb6 Nxd3 24. Rxd3 Bxe4 25. Rb3 Bxf3 26. Rxf3 Rxa2 27.
Rb3 Ra4 28. Qb5 Ra1+ 29. Kh2 Qf6 30. Qe8+ Kh7 31. Rf3 Qe6 32. Qxe6 fxe6 33. Rb3
Rd1 34. Rxb4 Rd2 35. Kg3 Rd3+ 36. f3 Kg6 37. Re4 Kf5 38. Kf2 Rd2+ 39. Re2 Rd3
40. Re3 Rd2+ 41. Re2 Rd3 42. b4 Rb3 43. Re4 Rb2+ 44. Kg3 h5 45. h4 Rb3 46. Kf2
Rb2+ 1/2-1/2

[Event "Sparkassen Open A"]
[Site "Dortmund GER"]
[Date "2012.07.21"]
[Round "8.14"]
[White "Strathoff, Martin"]
[Black "Kartsev, Soel"]
[Result "0-1"]
[WhiteElo "2074"]
[BlackElo "2198"]
[WhiteFideId "24609560"]
[BlackFideId "4130561"]
[EventDate "2012.07.14"]

1. d4 f5 2. g3 Nf6 3. Bg2 g6 4. Nh3 Bg7 5. O-O O-O 6. c4 d6 7. Qb3 Nc6 8. Rd1 e6
9. Nc3 Qe7 10. d5 Ne5 11. Nf4 c6 12. Nxe6 Bxe6 13. dxe6 Rab8 14. f4 Neg4 15. h3
Nh6 16. Be3 a6 17. Rd3 Qxe6 18. Ba7 Rbc8 19. Rxd6 Qe7 20. Bd4 Nf7 21. c5 Ne8 22.
Bxg7 Qe3+ 23. Kh2 Kxg7 24. Re6 Qxc5 25. Qxb7 Nd6 26. Qxa6 Rb8 27. Rd1 Rxb2 28.
Na4 Qa3 29. Qxc6 Rxa2 30. Rdxd6 Nxd6 31. Rxd6 Qxa4 32. Rd7+ Kh6 33. Qc7 Rh8 34.
g4 fxg4 35. hxg4 Rxe2 36. g5+ Kh5 37. Rxh7+ Kg4 38. Rxh8 Rxg2+ 39. Kxg2 Qa2+ 40.
Kf1 Qa1+ 41. Ke2 Qxh8 42. Ke3 Qh3+ 43. Kd4 Qf3 44. Qd7+ Kg3 45. Kc5 Qf2+ 46. Kc6
Qxf4 47. Qe7 Kg4 48. Qe1 Kxg5 49. Qg1+ Kf5 50. Qc5+ Kg4 51. Qg1+ Qg3 52. Qd4+
Kh3 53. Qh8+ Kg2 54. Qb2+ Qf2 55. Qe5 Qf5 56. Qb2+ Kg3 57. Qb8+ Qf4 58. Qe8 Qa4+ 0-1

[Event "Sparkassen Open A"]
[Site "Dortmund GER"]
[Date "2012.07.21"]
[Round "8.15"]
[White "Schmuecker, Marcus"]
[Black "Haase, Thomas Konstantin"]
[Result "1-0"]
[WhiteElo "2173"]
[BlackElo "1849"]
[WhiteFideId "4658892"]
[BlackFideId "12916773"]
[EventDate "2012.07.14"]

1. Nf3 Nf6 2. c4 c5 3. d4 e6 4. g3 d5 5. Bg2 Be7 6. O-O O-O 7. cxd5 exd5 8. Nc3
Nc6 9. Bg5 cxd4 10. Nxd4 h6 11. Be3 Ne5 12. Qb3 Nc4 13. Rad1 Nxe3 14. fxe3 Bg4
15. Nxd5 Nxd5 16. Bxd5 Bf6 17. Rf2 Qe7 18. Kg2 Rad8 19. e4 Rd6 20. h3 Bc8 21.
Qc4 Rb6 22. e3 Bd7 23. Qd3 Rd8 24. b3 a5 25. Qe2 Rc8 26. Qh5 Rf8 27. Nf3 Bc6 28.
e5 Bxd5 29. Rxd5 Bg5 30. Nxg5 hxg5 31. Rxa5 Rc8 32. Rd5 Re6 33. Qg4 Rc1 34. Qd4
Rec6 35. Rd8+ Kh7 36. Rd7 Qe6 37. Qe4+ Kh6 38. Rdxf7 Re1 39. Rf8 g6 40. R8f6 Qe8
41. Rxc6 bxc6 42. e6 Qd8 43. Qe5 c5 44. e4 Qa8 45. Qd5 Qa3 46. Qd8 g4 47. Qh4+ 1-0

[Event "Sparkassen Open A"]
[Site "Dortmund GER"]
[Date "2012.07.21"]
[Round "8.16"]
[White "Eckardt, Joshua"]
[Black "Chilla, Jan Eric"]
[Result "1/2-1/2"]
[WhiteElo "2057"]
[BlackElo "2158"]
[WhiteFideId "12941646"]
[BlackFideId "24650900"]
[EventDate "2012.07.14"]

1. d4 Nf6 2. c4 c5 3. d5 b5 4. cxb5 a6 5. bxa6 g6 6. Nc3 Bxa6 7. g3 d6 8. Bg2
Bg7 9. Nf3 Nbd7 10. Rb1 Nb6 11. b3 O-O 12. O-O Bb7 13. Nh4 Nfd7 14. Qd2 Re8 15.
Bb2 c4 16. b4 Qc8 17. Rfc1 Na4 18. Nxa4 Rxa4 19. Bxg7 Kxg7 20. Qd4+ Nf6 21. Rxc4
Qa8 22. e4 Rxa2 23. Rc7 Rc8 24. Rxe7 Rcc2 25. g4 Rd2 26. Qb6 Bc8 27. g5 Ng4 28.
Qxd6 Rxf2 29. Bf3 Rxf3 30. Nxf3 Ra1 31. Rxa1 Qxa1+ 32. Kg2 Qb2+ 33. Kg3 Qf2+ 34.
Kf4 Qe3+ 35. Kg3 Qf2+ 1/2-1/2

[Event "Sparkassen Open A"]
[Site "Dortmund GER"]
[Date "2012.07.21"]
[Round "8.18"]
[White "Baumhackel, Mario"]
[Black "Hobusch, Jan"]
[Result "1/2-1/2"]
[WhiteElo "2126"]
[BlackElo "2027"]
[WhiteFideId "4636953"]
[BlackFideId "12907634"]
[EventDate "2012.07.14"]

1. d4 d5 2. Nf3 Nf6 3. g3 Bf5 4. Bg2 h6 5. O-O e6 6. c4 c6 7. Nc3 Nbd7 8. Nd2
Be7 9. e4 dxe4 10. Ndxe4 O-O 11. Qb3 Qb6 12. Be3 Qxb3 13. axb3 Nxe4 14. Nxe4 a6
15. h3 Rfd8 16. Rfd1 Bxe4 17. Bxe4 Nf6 18. Bf3 Rd7 19. Kf1 Kf8 1/2-1/2

[Event "Sparkassen Open A"]
[Site "Dortmund GER"]
[Date "2012.07.21"]
[Round "8.19"]
[White "Reisberg, Andre"]
[Black "Heinzel, Peter"]
[Result "0-1"]
[WhiteElo "1965"]
[BlackElo "2083"]
[WhiteFideId "1270630"]
[BlackFideId "24682632"]
[EventDate "2012.07.14"]

1. d4 Nf6 2. c4 e5 3. dxe5 Ne4 4. a3 Qh4 5. Be3 Nc6 6. Nf3 Qh5 7. Qd5 Qg6 8.
Nbd2 Nxd2 9. Bxd2 d6 10. Bc3 Be6 11. Qb5 O-O-O 12. O-O-O Be7 13. g3 Qe4 14. Ne1
Qxh1 15. Bg2 Qxh2 16. Bxc6 bxc6 17. Qxc6 Qxf2 18. exd6 Bg5+ 19. Kb1 Qb6 20. Qa8+
Qb8 21. Qc6 Qb7 22. Qc5 Bf6 0-1

[Event "Sparkassen Open A"]
[Site "Dortmund GER"]
[Date "2012.07.21"]
[Round "8.20"]
[White "Lenaerts, Lennert"]
[Black "Joppien, Arne"]
[Result "1/2-1/2"]
[WhiteElo "2044"]
[BlackElo "2079"]
[WhiteFideId "211435"]
[BlackFideId "4637500"]
[EventDate "2012.07.14"]

1. c4 e5 2. g3 Nf6 3. Bg2 Bc5 4. e3 Nc6 5. Ne2 d5 6. cxd5 Nxd5 7. d4 exd4 8.
exd4 Bb6 9. Nbc3 Be6 10. O-O O-O 11. Be3 Qd7 12. Qd2 Rad8 13. Rfd1 Nce7 14. Nf4
Nxf4 15. Bxf4 c6 16. Ne4 Bxd4 17. Bd6 Bb6 18. Qb4 Rfe8 19. Bxe7 Qxe7 20. Qxe7
Rxd1+ 21. Rxd1 Rxe7 22. b3 Bd5 23. Nc3 Bxg2 24. Kxg2 f6 25. Rd3 Kf7 26. f4 Ke8
27. Kf3 Rd7 28. Rxd7 Kxd7 29. Ke4 Bc5 30. a4 a6 31. g4 b5 32. h4 Bf2 33. h5 Be1
34. Nd1 g6 35. hxg6 hxg6 36. Nb2 Kd6 37. Kd4 f5 38. Nd3 c5+ 39. Ke3 Bc3 40. gxf5
gxf5 41. axb5 axb5 42. Nc1 Kd5 43. Ne2 Bf6 44. Ng3 Ke6 45. Kd3 Bh4 46. Ne2 Be1
47. Ng1 Kd5 48. Ne2 c4+ 49. bxc4+ bxc4+ 50. Ke3 Kc5 51. Ng1 Kb4 52. Nf3 Bg3 53.
Nd4 c3 54. Kd3 Bxf4 55. Ke2 Kc4 56. Nxf5 Be5 57. Ne3+ 1/2-1/2

[Event "Sparkassen Open A"]
[Site "Dortmund GER"]
[Date "2012.07.21"]
[Round "8.22"]
[White "Cebulla, Konstantin"]
[Black "Begna, Bozidar"]
[Result "1-0"]
[WhiteElo "1977"]
[BlackElo "2088"]
[WhiteFideId "1272025"]
[BlackFideId "4633555"]
[EventDate "2012.07.14"]

1. d4 d6 2. Nf3 Bg4 3. c4 e5 4. dxe5 Bxf3 5. exf3 dxe5 6. Qxd8+ Kxd8 7. Nc3 Nf6
8. Bg5 c6 9. O-O-O+ Nd7 10. Bxf6+ gxf6 11. Bd3 Kc7 12. Bf5 Nc5 13. Ne4 Ne6 14.
Bxe6 fxe6 15. Nxf6 Bh6+ 16. Kc2 Rad8 17. Rxd8 Kxd8 18. Ng4 Bg7 19. Re1 Ke7 20.
Nxe5 Rg8 21. g3 Rd8 22. f4 Rd4 23. Kc3 Rd6 24. Re2 b5 25. Rd2 b4+ 26. Kc2 Rxd2+
27. Kxd2 Kd6 28. Ke3 a5 29. Ke4 a4 30. b3 a3 31. Nd3 c5 32. f5 Bd4 33. fxe6 Kxe6
34. g4 Kf6 35. h4 h6 36. f4 Kg6 37. Ne5+ Kf6 38. g5+ hxg5 39. hxg5+ Kg7 40. f5
Kf8 41. f6 Kg8 42. g6 Kf8 43. Kf5 Kg8 1-0

[Event "Sparkassen Open A"]
[Site "Dortmund GER"]
[Date "2012.07.21"]
[Round "8.23"]
[White "Fistoul, Michail"]
[Black "Fenner, Martin"]
[Result "1-0"]
[WhiteElo "2087"]
[BlackElo "2003"]
[WhiteFideId "24662976"]
[BlackFideId "24603589"]
[EventDate "2012.07.14"]

1. d4 Nf6 2. c4 e6 3. Nc3 Bb4 4. a3 Bxc3+ 5. bxc3 c5 6. f3 O-O 7. e4 Ne8 8. Nh3
Nc6 9. d5 Ne7 10. Bd3 d6 11. dxe6 fxe6 12. e5 Ng6 13. Bg5 Qa5 14. Qc2 Nxe5 15.
Bxh7+ Kh8 16. O-O Nf6 17. Bd3 Nxd3 18. Qxd3 e5 19. f4 e4 20. Qg3 Kg8 21. f5 Ne8
22. f6 Bxh3 23. f7+ Rxf7 24. Rxf7 Kxf7 25. Qxh3 Nf6 26. Bxf6 gxf6 27. Qh7+ Ke6
28. Qxe4+ 1-0

[Event "Sparkassen Open A"]
[Site "Dortmund GER"]
[Date "2012.07.21"]
[Round "8.26"]
[White "Zimmermann, Dirk"]
[Black "Rohovoy, Dmitrij"]
[Result "1-0"]
[WhiteElo "2069"]
[BlackElo "1969"]
[WhiteFideId "4677498"]
[BlackFideId "12903124"]
[EventDate "2012.07.14"]

1. e4 c5 2. Nf3 d6 3. d4 cxd4 4. Nxd4 Nf6 5. Nc3 Nc6 6. Bc4 e6 7. Bb3 Be7 8. O-O
O-O 9. Kh1 a6 10. f4 Qa5 11. Be3 Bd7 12. Qe1 Qc7 13. Qg3 Nxd4 14. Bxd4 Bc6 15.
Rae1 b5 16. e5 dxe5 17. Bxe5 Qb7 18. f5 exf5 19. Rxf5 Ne8 20. Ref1 Bc5 21. Rg5
g6 22. Rxg6+ 1-0

[Event "Sparkassen Open A"]
[Site "Dortmund GER"]
[Date "2012.07.21"]
[Round "8.28"]
[White "Heinert, Eugen"]
[Black "Pedersen, Lars Wisler"]
[Result "1/2-1/2"]
[WhiteElo "2172"]
[BlackElo "1853"]
[WhiteFideId "24621390"]
[BlackFideId "1417045"]
[EventDate "2012.07.14"]

1. Nf3 f5 2. d4 Nf6 3. g3 g6 4. Bg2 Bg7 5. O-O O-O 6. c4 d6 7. Nc3 Nc6 8. d5 Ne5
9. Nxe5 dxe5 10. e4 f4 11. Bd2 e6 12. Be1 exd5 13. Nxd5 Nxd5 14. cxd5 Qd6 15.
Qb3 a5 16. Rc1 a4 17. Qc3 Rf7 18. f3 fxg3 19. hxg3 b6 20. Bd2 Bb7 21. Bh3 Bc8
22. Bxc8 Rxc8 23. Qc6 Qxc6 24. Rxc6 Rf6 25. Rxf6 Bxf6 26. Rc1 Be7 27. Be3 Bd6
28. Bxb6 Rb8 29. Bxc7 Rc8 30. Rc6 a3 31. b3 Rxc7 32. Rxd6 Rc2 33. Rd7 Rxa2 34.
Ra7 Kf8 35. b4 h5 36. b5 Ra1+ 37. Kg2 a2 38. b6 Rb1 39. Rxa2 Rxb6 40. f4 exf4
41. gxf4 Rb4 42. d6 Rxe4 43. Ra8+ Re8 44. Ra6 Rd8 45. Kf3 Kf7 46. Ke4 Ke6 47.
d7+ Kxd7 48. Rxg6 Rh8 49. Ke5 h4 50. Rg7+ Ke8 51. Ra7 Rh6 52. f5 h3 53. Ra8+ Kf7
54. Ra7+ 1/2-1/2

[Event "Sparkassen Open A"]
[Site "Dortmund GER"]
[Date "2012.07.21"]
[Round "8.29"]
[White "Schnelle, Lukas"]
[Black "Schuelke, Tilman"]
[Result "1-0"]
[WhiteElo "2054"]
[BlackElo "2007"]
[WhiteFideId "24675350"]
[BlackFideId "4647475"]
[EventDate "2012.07.14"]

1. e4 d6 2. d4 Nf6 3. Nc3 g6 4. f3 c6 5. Be3 b5 6. Qd2 Nbd7 7. g4 Nb6 8. Bd3 a6
9. g5 Nfd7 10. f4 c5 11. Nf3 Bg7 12. f5 cxd4 13. Bxd4 Bxd4 14. Nxd4 Ne5 15.
O-O-O Bd7 16. h4 Qc7 17. h5 O-O-O 18. a4 Qc5 19. Nb3 Qb4 20. Qf2 Nxa4 21. Nd5
Nxd3+ 22. Rxd3 Qxe4 23. Re1 Qxd3 24. cxd3 e6 25. Nb6+ Kc7 26. Nxa4 bxa4 27. Qa7+
Kc6 28. Qxa6+ Kc7 29. Kd2 Rb8 30. Qa7+ Rb7 31. Rc1+ Bc6 32. Rxc6+ Kxc6 33. Na5+
Kd5 34. Qxb7+ Ke5 35. Qe4# 1-0

[Event "Sparkassen Open A"]
[Site "Dortmund GER"]
[Date "2012.07.21"]
[Round "8.30"]
[White "Henkemeier, Michael"]
[Black "Wernert, Bruno"]
[Result "1-0"]
[WhiteElo "1898"]
[BlackElo "2040"]
[WhiteFideId "24611379"]
[BlackFideId "623288"]
[EventDate "2012.07.14"]

1. Nf3 Nf6 2. g3 d5 3. Bg2 c5 4. O-O Nc6 5. d3 e5 6. Nbd2 Be7 7. e4 O-O 8. Re1
d4 9. Nc4 Qc7 10. a4 b6 11. h3 Nd7 12. Nh2 Rb8 13. f4 a6 14. Nf3 Bf6 15. f5 b5
16. Ncd2 Nb4 17. Nf1 c4 18. Re2 Nc5 19. Ne1 Nxa4 20. g4 cxd3 21. cxd3 Qe7 22.
Ng3 Bh4 23. Nh5 f6 24. Nf3 Bg5 25. Bxg5 fxg5 26. h4 Nc5 27. hxg5 Nbxd3 28. Ra3
Nb4 29. Qd2 d3 30. Re1 Nc2 31. f6 gxf6 32. gxf6 Rxf6 33. Qg5+ Kh8 34. Nxf6 Nxe1
35. Qg8# 1-0